| 000 | 00485nam a2200169 i 4500 | ||
|---|---|---|---|
| 001 | 56334 | ||
| 003 | ES-MaACL | ||
| 005 | 20230906163333.0 | ||
| 007 | t| | ||
| 008 | 031007s1971 sp a d ||||1|cspa d | ||
| 080 | _a92:614.23(46)(03) | ||
| 245 | 0 | 0 | _aDiccionario médico biográfico español. |
| 260 |
_aMadrid : _bConsorcio Americano de Ediciones, _c1971. |
||
| 300 |
_a407 p. : _bil. ; _c24 cm. |
||
| 650 | 4 |
_aMédicos- _zEspaña- _vBiografías. _9144463 |
|
| 852 |
_aES-MaACL _jE-7257 |
||
| 999 |
_c56334 _d56334 |
||